The Third Eye (Record no. 214279)

MARC details
000 -LEADER
fixed length control field 00564nam a2200193 4500
005 - DATE AND TIME OF LATEST TRANSACTION
control field 20260119170733.0
010 ## - LCCN (DPL NO)
LC control number ENG-147522
020 ## - INTERNATIONAL STANDARD BOOK NUMBER
International Standard Book Number 9789389934380
Terms of availability 450.00
035 ## - SYSTEM CONTROL NUMBER
System control number EN-131054
037 ## - SOURCE OF ACQUISITION
Source of stock number/acquisition DBAD
082 ## - DEWEY DECIMAL CLASSIFICATION NUMBER
Classification number 181.45
Item number 1
100 ## - MAIN ENTRY--PERSONAL NAME
Personal name Ganguli, Siddhartha
245 ## - TITLE STATEMENT
Title The Third Eye
Statement of responsibility, etc Siddhartha Ganguli
Remainder of title The Mystery of Sri Sri Ramakrishna's visions
250 ## - EDITION STATEMENT
Edition statement 1
260 ## - PUBLICATION, DISTRIBUTION, ETC. (IMPRINT)
Place of publication, distribution, etc Noida
Name of publisher, distributor, etc Allied Publishers
Date of publication, distribution, etc 2024
270 ## - ADDRESS
Address D-5, Sector-2
City Noida
Postal code 201301
300 ## - PHYSICAL DESCRIPTION
Extent 154p.
Dimensions 23cm(Pb)
942 ## - ADDED ENTRY ELEMENTS (KOHA)
Source of classification or shelving scheme Dewey Decimal Classification
Item type English Books
Classification part 181.45
Call number suffix GAN
Holdings
Withdrawn status Lost status Not for loan Collection code Home library Current library Date acquired Source of acquisition Cost, normal purchase price Full call number Barcode Copy number Cost, replacement price Koha item type
      Non-fiction Janak Puri Janak Puri 19/01/2026 DBAD 450.00 181.45 GAN EN-131054 1 450.00 English Books

© Delhi Public Library
Hit Counter
free hit counter